00852cam a22001934a 4500999001500000020002600015020002300041082001600064100002300080245002400103250001200127260004600139300001800185505024600203650002800449942000700477952008700484952008700571 c4741d4741 a9781118021811 (cloth) a1118021819 (cloth)00a658.048 ROT1 aRothschild, Steve,14aThe non nonprofit : a1st ed. aSan Francisco, CA :bJossey-Bass,cc2012. axii, 238 p. ;0 aHave a clear and appropriate purpose -- Measure what counts -- Be market driven -- Create mutual accountability -- Support personal empowerment -- Create economic value from social benefit -- Be learning driven -- The principles in practice. 0aNonprofit organizations cBK 0010708NFICaICbICd2019-06-03l0o658.048 ROTp007409r2022-11-17 00:00:00yBK 0010708NFICaICbICd2019-06-03l0o658.048 ROTp007410r2022-11-17 00:00:00yBK